Classic Old Hollywood Couples - Statistics

General Stats
  • This quiz has been taken 1,512 times
  • The average score is 6 of 15
Answer Stats
Hint Answer % Correct
Fred Astaire Ginger Rogers
93%
Lauren Bacall Humphrey Bogart
93%
Katharine Hepburn Spencer Tracy
73%
Vivien Leigh Laurence Olivier
61%
Clark Gable Carole Lombard
60%
Judy Garland Mickey Rooney
46%
John Wayne Maureen O'Hara
41%
William Powell Myrna Loy
32%
Errol Flynn Olivia De Havilland
31%
Nelson Eddy Jeanette Macdonald
23%
Walter Pidgeon Greer Garson
21%
Ruby Keeler Dick Powell
13%
Maureen O'Sullivan Johnny Weissmuller
13%
Jane Russell Robert Mitchum
8%
Jimmy Stewart Margaret Sullavan
5%
No matching quizzes found
Score Distribution
Percent of People with Each Score
Percentile by Number Answered
Your Score History
You have not taken this quiz